Fast Typing Words #3 - Statistics

General Stats
  • This quiz has been taken 23 times
  • The average score is 6 of 7
Answer Stats
Word to Type Word % Correct
Missing Missing
100%
Country Country
94%
Pillow Pillow
81%
Volcanic Volcanic
75%
Overflow Overflow
69%
Should Should
69%
Mouth Mouth
63%
No matching quizzes found
Score Distribution
Percent of People with Each Score
Percentile by Number Answered
Your Score History
You have not taken this quiz